1648 1522 1505 1017 1224 1044 1363 1714 1499 1275 1259 1020 1259 1951 1587 1155 1672 1670 1162 1680 1154 1024 1127 1864 1951 1180 1700 1996 1393 1255 1523 1215 1087 1371 1572 1637 1774 1244 1399 1527 1246 1560 1909 1905 1500 1281 1570 1217 1381 1908 1639 1680 1204 1314 1031 1953 1550 1223 1068 1760 1287 1592 1538 1515 1398 1873 1967 1451 1475 1775 1607 1784 1240 1615 1134 1878 1416 1278 1278 1873 1215 1714 1297 1353 1931 1278 1855 1695 1069 1404 1685 1625 1751 1054 1697 1706 1673 1093 1585 BCNSPRNW ULIB Ver.6.0+V

เปลี่ยนเป็นภาษาไทย

Change to English
 แสดงรายละเอียดบรรณานุกรม
  กลับหน้าหลัก

Brief Record : Get Marc (ISO 2709) : E-mail record : QR code < ปิดหน้าต่าง
LEADER : 00000nam 2200000uu 4500
001    13399127156
003     ULIB
008    191018s2562||||th 000 0 tha d
020 ^- ^a9786164577534
050 ^- ^aนว.^bจ756ร
100 0^ ^aเจ้าหญิงละเมอ.
245 10 ^aรักนะครับคุณชายซกมก /^cเจ้าหญิงละเมอ.
250 ^- ^aพิมพ์ครั้งที่ 1.
260 ^- ^aกรุงเทพฯ :^bมีดี,^c2562
300 ^- ^a375 หน้า.
945    ^p300^l0^i006343
999    ^aประนอม เกษจรัล
รายการนี้ยังไม่มีแท็ก
คุณยังไม่ได้ล็อกอิน คุณสามารถมีกิจกรรมร่วมกับเว็บไซต์ได้ แต่ต้องล็อกอินก่อน ::
  ล็อกอิน

รายการสื่อสารสนเทศ

ลำดับที่ ประเภท เลขเรียก/บาร์โค้ด สถานที่ สถานะ
1. นวนิยาย
นวนิยาย
นว. จ756ร ฉ.1 
  Barcode: 006343
ห้องสมุดวิทยาเขตนครสวรรค์
►นวนิยาย:l:Fiction
บนชั้น

รายการใกล้เคียง
    ผู้แต่ง [เจ้าหญิงละเมอ.]

BibComment


ยังไม่เคยถูกคอมเมนท์

คอมเมนท์ทรัพยากรรายการนี้
  คอมเมนท์: รักนะครับคุณชายซ..


 Copyright 2026. Bcnsprnw @Library